[Event "Dutch Open"]
[Site "Dieren NED"]
[Date "2006.07.26"]
[Round "2"]
[White "Holtackers,D"]
[Black "De Saegher,C"]
[Result "0-1"]
[WhiteElo "2130"]
[BlackElo "2203"]

1.Nf3 Nf6 2.c4 c6 3.d4 d5 4.Nc3 dxc4 5.a4 Bf5 6.e3 e6 7.Bxc4 Bb4 8.O-O O-O
9.Qe2 Nbd7 10.Rd1 Qa5 11.e4 Bg6 12.Bd2 e5 13.dxe5 Nxe5 14.Nxe5 Qxe5 15.f3 a5
16.Be3 Rfe8 17.Bd4 Qe7 18.Qf2 Nd7 19.Ne2 Rad8 20.Rac1 Nc5 21.b3 Nd7 22.Nf4 Ne5
23.Nxg6 hxg6 24.Kh1 Nxc4 25.bxc4 Qd6 26.Qc2 Qe6 27.Bb6 Rxd1+ 28.Rxd1 f5 29.exf5 gxf5
30.h3 Qe2 31.Qxe2 Rxe2 32.Rd7 Ra2 33.Bd4 Bf8 34.Rxb7 Rxa4 35.Bc3 Ra3 36.Be5 Re3
37.f4 a4 38.Ra7 a3 39.c5 Bxc5 40.Rxg7+ Kf8 41.Rh7 a2 42.Rh8+ Kf7 43.Ra8 Ra3
44.Rxa3 Bxa3 45.Kg1 Be7  0-1

[Event "Dutch Open"]
[Site "Dieren NED"]
[Date "2006.07.26"]
[Round "2"]
[White "Mchedlishvili,M"]
[Black "Diepeveen,V"]
[Result "1-0"]
[WhiteElo "2561"]
[BlackElo "2327"]

1.d4 d5 2.Nf3 Nf6 3.c4 c6 4.Nc3 dxc4 5.a4 Bf5 6.e3 e6 7.Bxc4 Bb4 8.Ne5 Nbd7
9.Nxd7 Qxd7 10.Qb3 a5 11.O-O O-O 12.f3 Bg6 13.Rd1 Bd6 14.e4 Bb8 15.Ne2 Ba7
16.Kh1 Qc7 17.Qc3 Qe7 18.b3 Rfe8 19.Qe1 Bb8 20.Bg5 Qc7 21.Qh4 Nd7 22.Rac1 h6
23.Be3 Kh8 24.Qh3 Nf6 25.g4 Kg8 26.g5 hxg5 27.Bxg5 Nh7 28.Be3 Qe7 29.Rg1 Bc7
30.Rg4 Rab8 31.Rcg1 b5 32.axb5 cxb5 33.Bd3 e5 34.dxe5 Bxe5 35.f4 Bf6 36.Ng3 Qb4
37.f5 Qxb3 38.fxg6 fxg6 39.Qf1 Red8 40.Bf4 Rxd3 41.Bxb8 Bd4 42.Rxg6 Nf8 43.Rd6 Rf3
44.Rxd4 Rxf1 45.Rxf1 Ne6 46.Rd5 g6 47.Be5 a4 48.Rf6 Qb1+ 49.Kg2 Qc2+ 50.Kh3 Qc8
51.Rxg6+ Kh7 52.Nf5 Nf4+ 53.Bxf4 Kxg6 54.Rxb5 Qc3+ 55.Kg4 Qc2 56.Rb6+ Kh7
57.Rb7+ Kg8 58.Rb8+ Kh7 59.Rb7+ Kg8 60.Kg5 a3 61.Rg7+ Kf8 62.Bd6+ Ke8 63.Bxa3 Qd2+
64.Kg6 Qxh2 65.Bd6 Qg2+ 66.Kf6 Qb2+ 67.e5 Qc3 68.Rc7 Qh3 69.Ng7+ Kd8 70.Ne6+ Ke8  1-0

[Event "XLVIII TCh-POR"]
[Site "Evora POR"]
[Date "2006.07.26"]
[Round "5"]
[White "Santos,CaP"]
[Black "Zawadzki,S"]
[Result "0-1"]
[WhiteElo "2433"]
[BlackElo "2397"]

1.d4 d5 2.c4 c6 3.Nf3 Nf6 4.Nc3 dxc4 5.a4 Bf5 6.e3 e6 7.Bxc4 Bb4 8.O-O O-O
9.Qe2 Nbd7 10.e4 Bg6 11.Bd3 Bh5 12.e5 Nd5 13.Nxd5 cxd5 14.Qe3 Be7 15.Bd2 Nb8
16.b4 Nc6 17.b5 Na5 18.Rfc1 Qb6 19.Ng5 Bg6 20.Bxg6 hxg6 21.Bxa5 Qxa5 22.h4 Rac8
23.Nf3 Bb4 24.Qb3 Bc3 25.Ra3 Bxd4 26.Qb1 Bb6 27.Kh2 Rxc1 28.Qxc1 Qb4 29.Kg3 Bc5
30.Ra2 b6 31.Qd2 Qe4 32.Qc2 Rd8 33.Qxe4 dxe4 34.Rd2 Rd5 35.Rxd5 exd5 36.Nd2 Bd4
37.f4 Kf8 38.Nb3 Be3 39.Na1 Ke7 40.Nc2 Bc5 41.h5 gxh5 42.f5 d4  0-1

[Event "Czech Open B2"]
[Site "Pardubice CZE"]
[Date "2006.07.26"]
[Round "6"]
[White "Braschi,G"]
[Black "Bitkinin,L"]
[Result "0-1"]
[WhiteElo "2194"]
[BlackElo "2077"]

1.d4 d5 2.c4 c6 3.Nf3 Nf6 4.Nc3 dxc4 5.a4 Bf5 6.Nh4 Bg4 7.h3 Bh5 8.g4 Bg6
9.Nxg6 hxg6 10.e3 e6 11.Bxc4 Nbd7 12.Qf3 Bb4 13.Bd2 Qa5 14.e4 Rd8 15.g5 Nh5
16.O-O Ne5 17.dxe5 Rxd2 18.Rfd1 Rxd1+ 19.Rxd1 Qxe5 20.h4 Nf4 21.Qg4 Bxc3  0-1

[Event "Czech Open A"]
[Site "Pardubice CZE"]
[Date "2006.07.26"]
[Round "6"]
[White "Mankeyev,Raua"]
[Black "Stross,F"]
[Result "0-1"]
[WhiteElo "2369"]
[BlackElo "2256"]

1.d4 d5 2.c4 c6 3.Nf3 Nf6 4.Nc3 dxc4 5.a4 Bf5 6.Ne5 Nbd7 7.Nxc4 Qc7 8.g3 e5
9.dxe5 Nxe5 10.Bf4 Nfd7 11.Bg2 f6 12.O-O Nc5 13.e4 Rd8 14.Qe2 Bg6 15.Rad1 Be7
16.Bh3 Bf7 17.Bxe5 fxe5 18.Rxd8+ Bxd8 19.Rd1 O-O 20.Bf1 Ne6 21.Qe3 Be7 22.Qc1 Bg5
23.Ne3 Nd4 24.h4 Bh6 25.Ne2 Nf3+ 26.Kh1 Bb3 27.Rd3 Qf7 28.Qc3 Be6 29.Nd1 Bc4
30.Rd6 Kh8 31.Kg2 Bb3 32.Rd3 Bxd1 33.Rxf3 Qxf3+ 34.Qxf3 Rxf3 35.Kxf3 Bd2
36.Kg4 g6 37.h5 Kg7 38.hxg6 hxg6 39.f4 Kf6 40.a5 Bxa5 41.fxe5+ Kxe5 42.Kg5 Kxe4
43.Kxg6 Kf3 44.Nd4+ Kxg3 45.Kf5 Kf2 46.Bc4 Ke3 47.Ne6 b5 48.Bf1 Bb3 49.Nc5 Bd5
50.Na6 Bb6 51.Ke5 Bd4+ 52.Kd6 Bc4 53.Bg2 Bxb2 54.Kxc6 Bd4 55.Nc7 b4 56.Bd5 Kd3  0-1

[Event "Czech Open A"]
[Site "Pardubice CZE"]
[Date "2006.07.28"]
[Round "8"]
[White "Lahner,J"]
[Black "Korinek,O"]
[Result "1-0"]
[WhiteElo "2321"]
[BlackElo "2227"]

1.d4 d5 2.c4 c6 3.Nc3 Nf6 4.Nf3 dxc4 5.a4 Bf5 6.Ne5 Nbd7 7.Nxc4 Qc7 8.g3 e5
9.dxe5 Nxe5 10.Bf4 Nfd7 11.Bg2 g5 12.Ne3 gxf4 13.Nxf5 O-O-O 14.Qc2 Nc5 15.O-O a5
16.Rfd1 Rxd1+ 17.Rxd1 fxg3 18.hxg3 h5 19.Ne4 Nxe4 20.Qxe4 Bc5 21.e3 Kb8 22.Bh3 Rg8
23.Nh6 Rg5 24.Kg2 Rg7 25.Rd8+ Ka7 26.Rc8 Qd6 27.Nf5 Qf6 28.Nxg7 Qxg7 29.Qf4 f6
30.b3 Qf7 31.Qe4 Qxb3 32.Rc7 Kb8 33.Rh7 Qd5 34.Qxd5 cxd5 35.Rxh5 b5 36.axb5 a4
37.Be6 d4 38.exd4 Bxd4 39.Rh4  1-0

[Event "Czech Open A"]
[Site "Pardubice CZE"]
[Date "2006.07.28"]
[Round "8"]
[White "Szwed,J"]
[Black "Marciniak,A"]
[Result "0-1"]
[WhiteElo "2323"]
[BlackElo "2215"]

1.d4 d5 2.c4 c6 3.Nf3 Nf6 4.Nc3 dxc4 5.a4 Bf5 6.Ne5 Na6 7.e3 e6 8.Bxc4 Nb4
9.O-O Bd6 10.Qe2 Nc2 11.Rb1 Bxe5 12.dxe5 Ng4 13.Ne4 Bxe4 14.Qxg4 Bg6 15.b4 Qe7
16.b5 O-O 17.bxc6 bxc6 18.Bd2 a5 19.Rbc1 Rfd8 20.Bc3 Qa3 21.Ba1 Rd2 22.h4 Rxf2
23.Rxf2 Qxc1+ 24.Rf1 Qxe3+ 25.Kh1 Nxa1 26.Rxa1 Qxe5 27.Rf1 Rd8  0-1

[Event "15th Open A"]
[Site "Vienna AUT"]
[Date "2006.08.05"]
[Round "8"]
[White "Schneider Zinner,H"]
[Black "Wilke,W"]
[Result "1/2-1/2"]
[WhiteElo "2357"]
[BlackElo "2212"]

1.Nf3 d5 2.d4 Nf6 3.c4 c6 4.Nc3 dxc4 5.a4 Bf5 6.e3 e6 7.Bxc4 h6 8.O-O Nbd7
9.Qe2 Nb6 10.Bb3 Be7 11.e4 Bg4 12.a5 Nbd7 13.h3 Bxf3 14.Qxf3 O-O 15.Bf4 Bb4
16.a6 bxa6 17.Rxa6 Nb6 18.Rfa1 Qd7 19.Bxh6 Rfb8 20.Bf4 Rb7 21.Be3 Rc8 22.Na4 Na8
23.Bc4 Nc7 24.Nc5 Bxc5 25.dxc5 Nxa6 26.Bxa6 Rd8 27.Bxb7 Qxb7 28.Bg5 Qxb2
29.Bxf6 gxf6 30.Rxa7 Qc1+ 31.Kh2 Qxc5 32.Qg3+ Qg5 33.Rc7 Qxg3+ 34.Kxg3 Rd4
35.Kf4 Rc4 36.g4 Kg7 37.f3 e5+ 38.Ke3 Rc3+ 39.Kf2 c5 40.h4 c4 41.h5 Rc2+
42.Ke3 Rc3+ 43.Ke2 Rc2+ 44.Ke1 Rc3 45.Kf2 Rc2+ 46.Kg3 Rc1 47.Rc6 Rg1+ 48.Kf2 Rc1
49.Rd6 Rc2+ 50.Kg3 Rc1 51.Rc6 Rg1+ 52.Kf2 Rc1 53.h6+ Kg6  1/2-1/2

[Event "15th Open A"]
[Site "Vienna AUT"]
[Date "2006.08.05"]
[Round "8"]
[White "Polak,T"]
[Black "Baumegger,S"]
[Result "1/2-1/2"]
[WhiteElo "2473"]
[BlackElo "2411"]

1.d4 d5 2.c4 c6 3.Nf3 Nf6 4.Nc3 dxc4 5.a4 Bf5 6.e3 e6 7.Bxc4 Bb4 8.O-O Nbd7
9.Qe2 O-O 10.e4 Bg6 11.Bd3 Bh5 12.Bf4 Re8 13.e5 Nd5 14.Nxd5 cxd5 15.Qe3 a6
16.Ng5 Bg6 17.Bxg6 fxg6 18.Qh3 Nf8 19.Qb3 a5 20.Rfc1 Qd7 21.Nf3 Rec8 22.Bd2 Rxc1+
23.Rxc1 b5 24.axb5 Qxb5 25.Bxb4 Rb8 26.Rc5 Qxb4 27.Qxb4 Rxb4 28.Rxa5 Rxb2
29.Kf1 h6 30.h4 Rb7 31.Ra6 Kf7 32.Ne1 Rb4 33.Ra7+ Ke8 34.Rxg7 Rxd4 35.g3 Rc4
36.Nd3 Rc2 37.Ke1 d4 38.Kd1 Ra2 39.Nc5 g5 40.hxg5 hxg5 41.Ne4 Nd7 42.Rxg5 Kf8
43.f4 Nb6 44.Nc5 Nc4 45.Kc1 Kf7 46.f5 exf5 47.Rxf5+  1/2-1/2

[Event "15th Open A"]
[Site "Vienna AUT"]
[Date "2006.08.06"]
[Round "9"]
[White "Pachta,P"]
[Black "Prinzjakowitsch,B"]
[Result "0-1"]
[WhiteElo "2331"]
[BlackElo "2174"]

1.d4 d5 2.c4 c6 3.Nc3 Nf6 4.Nf3 dxc4 5.a4 Bf5 6.e3 Nbd7 7.Bxc4 e6 8.O-O Bd6
9.Re1 Ne4 10.Qb3 Rb8 11.Nxe4 Bxe4 12.Nd2 Bg6 13.f4 O-O 14.Bxe6 Re8 15.Bxd7 Qxd7
16.Nf3 Be4 17.Rf1 Qg4 18.Bd2 Re6 19.h3 Qg3 20.Be1 Qg6 21.Rf2 h6 22.Rd1 b5
23.Ne5 Qh5 24.g4 Qh4 25.Rfd2 Qe7 26.f5 Bd5 27.Qc2 Rxe5 28.dxe5 Qxe5 29.Qd3 bxa4
30.e4 Bc5+ 31.Bf2 Rb3 32.exd5 Rxd3 33.Rxd3 Bxf2+ 34.Kxf2 Qxb2+ 35.R1d2 Qb6+
36.Kf3 cxd5 37.Rxd5 a3 38.R5d3 Qc6+ 39.Kg3 Qc7+ 40.Kg2 Qc6+ 41.Rf3 Qe4 42.Ra2 a5
43.Rxa3 Qe2+ 44.Rf2 Qe4+ 45.Rff3 Qe2+ 46.Rf2 Qe4+ 47.Raf3 Qd5 48.h4 Qe4 49.Kg3 Qe1
50.h5 Qg1+ 51.Rg2 Qe1+ 52.Kh2 Qh4+ 53.Rh3 Qe1 54.Rhg3 Qe5 55.Ra2 Kf8 56.Kh3 Qd5
57.Rga3 Qh1+ 58.Kg3 Qg1+ 59.Kf4 Qd4+ 60.Kf3 Qd1+ 61.Re2 Qh1+ 62.Kf2  0-1

[Event "FSIMB August"]
[Site "Budapest HUN"]
[Date "2006.08.09"]
[Round "5"]
[White "Farago,S"]
[Black "Behm,S"]
[Result "1-0"]
[WhiteElo "2275"]
[BlackElo "2229"]

1.d4 d5 2.c4 c6 3.Nc3 Nf6 4.Nf3 dxc4 5.a4 Bf5 6.Ne5 Nbd7 7.Nxc4 Nb6 8.Ne3 Bg6
9.g3 a5 10.Bg2 e6 11.O-O Be7 12.b3 O-O 13.Bb2 Qb8 14.Nc4 Nbd7 15.e4 Rd8 16.Qe2 Qa7
17.h3 Bb4 18.Rad1 h6 19.Kh2 Bh7 20.f4 Nf8 21.Qe3 Rd7 22.Na2 Be7 23.Bc3 Bd8
24.Rd2 Rc8 25.Nc1 b5 26.Ne5 Rb7 27.Ncd3 Bb6 28.Ba1 bxa4 29.bxa4 c5 30.dxc5 Bxc5
31.Nxc5 Qxc5 32.Bd4 Qe7 33.g4 N6d7 34.Kh1 Rbc7 35.Nd3 Kh8 36.e5 Bxd3 37.Qxd3 Rc1
38.Rf2 Ng6 39.Bb2 Rxf1+ 40.Rxf1 Nh4 41.Ba3 Nc5 42.Be4 Qe8 43.Bxc5 Rxc5 44.Rd1 Ng6
45.Qd4 Qc8 46.Qd8+ Qxd8 47.Rxd8+ Kh7 48.h4 Rc4 49.Bd3 Rxa4 50.h5 Rxf4 51.hxg6+ fxg6
52.Rd6 Rxg4 53.Rxe6 a4 54.Ra6 Kg8 55.Bxg6 Kf8 56.Re6  1-0

[Event "Open"]
[Site "Stare Mesto CZE"]
[Date "2006.08.11"]
[Round "1"]
[White "Pachta,P"]
[Black "Janek,J"]
[Result "1-0"]
[WhiteElo "2331"]
[BlackElo "1980"]

1.d4 d5 2.c4 c6 3.Nc3 Nf6 4.Nf3 dxc4 5.a4 Bf5 6.Nh4 Be6 7.e4 g6 8.Be2 Bg7
9.O-O O-O 10.Nf3 Bg4 11.Be3 Nbd7 12.Qc2 e6 13.Rfd1 Qa5 14.Nd2 Bxe2 15.Nxe2 Ng4
16.Bf4 e5 17.Nxc4 Qa6 18.Bg3 exd4 19.Nxd4 Nde5 20.Na3 Rad8 21.h3 Qb6 22.Ne2 Nh6
23.Bf4 a6 24.Be3 Qc7 25.f4 Nd7 26.Nc4 b5 27.Nd2 Rfe8 28.axb5 axb5 29.Ra7 Qc8
30.Nd4 Nb8 31.N2f3 Na6 32.Rc1 Nb4 33.Qb3 Bf8 34.Ne5 c5 35.Nxf7 c4 36.Nxh6+ Bxh6
37.Qxb4 Rxe4 38.Nc2 Rd5 39.Rca1 Re8 40.b3 Qf5 41.bxc4 bxc4 42.Qxc4 Rc8 43.Ra8  1-0

[Event "Petrovskaja Ladja S"]
[Site "Peterhof RUS"]
[Date "2006.08.14"]
[Round "1"]
[White "Yevseev,D"]
[Black "Lovkov,R"]
[Result "1/2-1/2"]
[WhiteElo "2572"]
[BlackElo "2384"]

1.d4 d5 2.c4 c6 3.Nc3 Nf6 4.Nf3 dxc4 5.a4 Bf5 6.Ne5 Nbd7 7.Nxc4 Nb6 8.Ne5 a5
9.g3 e6 10.Bg2 Bb4 11.O-O O-O 12.e3 h6 13.Qe2 Re8 14.e4 Bh7 15.Rd1 Nfd7 16.Nd3 Qe7
17.Bf4 Bd6 18.Bxd6 Qxd6 19.Qe3 Nc4 20.Qc1 e5 21.Ne2 Ncb6 22.Nc5 Qc7 23.Nxd7 Nxd7
24.d5 Nf6 25.Qe3 Qd6 26.Nc3 Red8 27.dxc6 Qxc6 28.Nd5 Nxd5 29.Rxd5 Rxd5 30.exd5 Qd6
31.Rc1 Bf5 32.h4  1/2-1/2

[Event "Petrovskaja Ladja A2"]
[Site "Peterhof RUS"]
[Date "2006.08.15"]
[Round "2"]
[White "Kozlov,O"]
[Black "Timofeev,An"]
[Result "0-1"]
[WhiteElo "2170"]
[BlackElo "2316"]

1.d4 d5 2.Nf3 c6 3.c4 Nf6 4.Nc3 dxc4 5.a4 Bf5 6.Ne5 Na6 7.f3 Nd7 8.Nxc4 e5
9.e4 exd4 10.Qxd4 Nb4 11.Qd1 Be6 12.Bf4 Nc5 13.Nd6+ Bxd6 14.Bxd6 Ncd3+ 15.Bxd3 Qxd6
16.Be2 Qc5 17.a5 Rd8 18.Qa4 Nd3+ 19.Bxd3 Rxd3 20.Rd1 Bc4 21.Rxd3 Bxd3 22.Kd2 Ba6
23.Rd1 O-O 24.Kc2 h6 25.Kb3 Rb8 26.Qb4 Qg5 27.g3 Qh5 28.f4 c5 29.Qa3 b6 30.Rd2 Qf3
31.axb6 Rxb6+ 32.Kc2 Qe3 33.e5 Bc4 34.Rd8+ Kh7 35.Qxa7 Bb3+ 36.Kb1 Qe1+ 37.Nd1 Bxd1  0-1

[Event "Independence Cup A"]
[Site "Kyiv UKR"]
[Date "2006.08.17"]
[Round "5"]
[White "Moiseev,Ig"]
[Black "Julin,A"]
[Result "1-0"]
[WhiteElo "2246"]
[BlackElo "2231"]

1.d4 d5 2.c4 c6 3.Nc3 Nf6 4.Nf3 dxc4 5.a4 Bf5 6.e3 e6 7.Bxc4 Bb4 8.O-O O-O
9.Qb3 Qe7 10.a5 c5 11.Ne5 Nc6 12.Nxc6 bxc6 13.Ne2 Rab8 14.Qa4 Qc7 15.dxc5 Ng4
16.Ng3 Bg6 17.Be2 Ne5 18.e4 Bxc5 19.Qc2 Bd4 20.Ra4 Qd7 21.Kh1 f5 22.exf5 exf5
23.f4 Nf7 24.Rd1 c5 25.Be3 Rxb2 26.Raxd4 Qxd4 27.Qc1 Qf6 28.Qxc5 Rb7 29.Bd4 Qe7
30.Qxe7 Rxe7 31.Bc5 Rc7 32.Bxf8 Kxf8 33.h4 h6 34.h5 Bh7 35.Rd5 Ke7 36.Nxf5+ Bxf5
37.Rxf5 Nd6 38.Re5+ Kf7 39.Kh2 Nc4 40.Rf5+ Ke7 41.Kh3 Nd6 42.Re5+ Kf7 43.Kh4 Rc1
44.Bf3 Kf8 45.Kg4 Nc4 46.Rb5 Nd6 47.Rb8+ Ke7 48.Ra8 Rc7 49.a6 Nb5 50.Rg8 Kd6
51.Rb8 Rc5 52.Rb7 Nc7 53.Rxa7 Ra5 54.Be2 Ra2 55.Kf3 Ra3+ 56.Ke4 Ne6 57.Bb5 Nc7
58.Bc4 Ra4 59.Kd3 Ra3+ 60.Kd4 Ra4 61.Kc3 Ra5 62.g4 Ra3+ 63.Kb4 Rf3 64.Rxc7  1-0

[Event "23rd Open"]
[Site "Collado Villalba ESP"]
[Date "2006.08.19"]
[Round "1"]
[White "Pogorelov,R"]
[Black "Castejon Caballero,N"]
[Result "1-0"]
[WhiteElo "2395"]
[BlackElo "1995"]

1.Nf3 d5 2.d4 Nf6 3.c4 c6 4.Nc3 dxc4 5.a4 Bf5 6.Ne5 Nbd7 7.Nxc4 Nd5 8.f3 e5
9.e4 Nxc3 10.bxc3 Be6 11.Ne3 f6 12.Rb1 Qc7 13.Bc4 Bxc4 14.Nxc4 Rd8 15.Qb3 b6
16.O-O Be7 17.f4 exd4 18.cxd4 Nf8 19.Ne3 Rxd4 20.Nf5 Rd7 21.Nxg7+ Kd8 22.Be3 Kc8
23.Nf5 Ng6 24.a5 b5 25.Rfc1 Kb7 26.a6+ Ka8 27.Qe6 Rc8 28.Rxb5 cxb5 29.Rxc7 Rdxc7
30.Qd5+ Kb8 31.Qxb5+ Ka8 32.Kf2 Nf8 33.Qd5+ Kb8 34.Nxe7 Rxe7 35.f5  1-0

[Event "23rd Open"]
[Site "Collado Villalba ESP"]
[Date "2006.08.20"]
[Round "2"]
[White "Vazquez,R"]
[Black "Cao,Je"]
[Result "1-0"]
[WhiteElo "2517"]
[BlackElo "2154"]

1.d4 d5 2.Nf3 Nf6 3.c4 c6 4.Nc3 dxc4 5.a4 Bf5 6.Ne5 Nbd7 7.Nxc4 Qc7 8.g3 e5
9.dxe5 Nxe5 10.Bf4 Nfd7 11.Bg2 Be7 12.Rc1 Rd8 13.O-O Qb8 14.Ne4 O-O 15.Qc2 f6
16.b4 Nb6 17.Bxe5 fxe5 18.b5 Rc8 19.Na5 cxb5 20.Qb3+ Kh8 21.axb5 Rc7 22.h4 h6
23.e3 Rd8 24.Qb2 Rcd7 25.Qa1 Bg4 26.Qb2 Be6 27.Ra1 Bd5 28.Rfc1 Bf8 29.Qb1 Rf7
30.Bf1 Rc8 31.Bd3 Rcc7 32.Qb2 Rcd7 33.Nb3 Nc8 34.Nbc5 Rde7 35.Bc4 Bxc4 36.Rxc4 Nb6
37.Rcc1 Re8 38.Qb3 Rc7 39.Ne6 Rd7 40.Ra2 Nc8 41.Rac2 Bd6 42.Kg2 Ne7 43.N6g5 Nf5
44.Rd1 Ree7 45.Nf3 Qg8 46.Qxg8+ Kxg8 47.g4  1-0

[Event "VII Open"]
[Site "Tarragona ESP"]
[Date "2006.08.21"]
[Round "3"]
[White "Flores,Di"]
[Black "Velcheva,M"]
[Result "1-0"]
[WhiteElo "2514"]
[BlackElo "2295"]

1.d4 d5 2.c4 c6 3.Nf3 Nf6 4.Nc3 dxc4 5.a4 Bf5 6.e3 e6 7.Bxc4 Bb4 8.O-O Nbd7
9.Nh4 O-O 10.Nxf5 exf5 11.Qc2 g6 12.f3 Qe7 13.Kh1 a5 14.e4 fxe4 15.fxe4 Bxc3
16.bxc3 Qxe4 17.Qb3 Qh4 18.Bf4 Ne4 19.Qxb7 Ndf6 20.Bxf7+ Kh8 21.Be5 Rad8
22.Rxf6  1-0

[Event "6th Open"]
[Site "Velika Gorica CRO"]
[Date "2006.08.22"]
[Round "5"]
[White "Stefan,K"]
[Black "Bukal,V jr"]
[Result "0-1"]
[WhiteElo "2223"]
[BlackElo "2407"]

1.Nf3 d5 2.d4 Nf6 3.c4 c6 4.Nc3 dxc4 5.a4 Bf5 6.e3 e6 7.Bxc4 Bb4 8.O-O O-O
9.Qb3 Qe7 10.Bd2 a5 11.Na2 Bd6 12.Bd3 Rd8 13.Rfc1 Bxd3 14.Qxd3 Nbd7 15.Nc3 e5
16.Qe2 e4 17.Ne1 Nb6 18.g3 Qe6 19.Kg2 h5 20.f3 exf3+ 21.Nxf3 Nbd5 22.Nd1 Re8
23.Qd3 Ne4 24.Be1 Qh6 25.Rc2 Re6 26.Re2 Bc7 27.Ra3 Rae8 28.Rb3 b6 29.Bf2 f5
30.Bg1 g5 31.Qc4 h4 32.Ne5 Bxe5 33.dxe5 Nc5 34.e4 Rxe5 35.Bxc5 bxc5 36.Qxc5 Nf4+  0-1

[Event "6th Open"]
[Site "Velika Gorica CRO"]
[Date "2006.08.22"]
[Round "5"]
[White "Bozinovic,Bog"]
[Black "Bosiocic,Mari"]
[Result "1-0"]
[WhiteElo "2268"]
[BlackElo "2433"]

1.d4 d5 2.c4 c6 3.Nf3 Nf6 4.Nc3 dxc4 5.a4 Bf5 6.Ne5 Nbd7 7.Nxc4 Nb6 8.Ne5 a5
9.f3 Nfd7 10.Nxd7 Nxd7 11.e4 Bg6 12.Qb3 e5 13.dxe5 Bb4 14.Be3 Nxe5 15.Rd1 Qe7
16.Be2 f6 17.O-O Bf7 18.Qc2 O-O 19.Nb1 Rfd8 20.Nd2 Be6 21.f4 Nd7 22.Nb3 Bxb3
23.Qxb3+ Kh8 24.Bf3 Bc5 25.Kh1 Bxe3 26.Qxe3 Nc5 27.b3 Ne6 28.e5 Qc5 29.Qe4 fxe5
30.fxe5 Qe7 31.h3 Rxd1 32.Bxd1 Rf8 33.Rxf8+ Qxf8 34.Bg4 Qf1+ 35.Kh2 Qf4+
36.Qxf4 Nxf4 37.Bc8 b6 38.Bd7 Ng6 39.e6 Ne7 40.Kg3 g5 41.h4 gxh4+ 42.Kf4 Kg7
43.Ke5 c5 44.Bb5 Nc8 45.Ba6 Ne7 46.Kd6 Kf6 47.Bc4 Nf5+ 48.Kd7 h6 49.Bd3 Ne7
50.Be4 h5 51.Bd3 Nd5 52.Be2 Ne7 53.Bxh5 Ng8 54.Bg4 Ne7 55.Kd6 Ng6 56.Be2 Ne7
57.Bd3 Ng8 58.Bc4 Ne7 59.Kc7 Nf5 60.Kd7 Ne7 61.Be2 Nf5 62.Bf3 Ne7 63.Be4 Ng8
64.Kc6 Ke5 65.Bf3 Ne7+ 66.Kxb6 Kd6 67.Kxa5 Nf5 68.Kb6 Nd4 69.Bd1 Nxe6 70.a5 c4
71.bxc4 Nc5 72.Kb5 Ne6 73.a6 Kc7 74.c5 Kb8 75.Kb6 Nd4 76.c6  1-0

[Event "23rd Open"]
[Site "Collado Villalba ESP"]
[Date "2006.08.23"]
[Round "5"]
[White "Petkov,V"]
[Black "Garcia,Rau"]
[Result "1/2-1/2"]
[WhiteElo "2480"]
[BlackElo "2228"]

1.d4 d5 2.c4 c6 3.Nf3 Nf6 4.Nc3 dxc4 5.a4 Bf5 6.Ne5 Nbd7 7.Nxc4 Nb6 8.Ne5 a5
9.f3 Nfd7 10.Nxd7 Nxd7 11.e4 Bg6 12.Be3 e5 13.Be2 Qb6 14.Qd2 Rd8 15.Rd1 Qc7
16.dxe5 Bb4 17.O-O O-O 18.Qc2 Bc5 19.Bxc5 Nxc5 20.f4 Rxd1 21.Rxd1 f5 22.Bc4+ Kh8
23.exf5 Bxf5 24.Qf2 b6 25.Qh4 Nxa4 26.Nxa4 b5 27.Bb3 bxa4 28.Bxa4 h6 29.Rd6 Be4
30.Qf2 Rb8 31.h3 Rb4 32.b3 Bd5 33.f5 Re4 34.Qc5 Qf7 35.Bxc6 Qxf5 36.Qc3 Bxc6
37.Rxc6 Rxe5  1/2-1/2

[Event "3rd Dato Arthur Tan"]
[Site "Kuala Lumpur MAS"]
[Date "2006.08.23"]
[Round "6"]
[White "Sadorra,J"]
[Black "Gomez,Joh"]
[Result "1-0"]
[WhiteElo "2351"]
[BlackElo "2375"]

1.Nf3 Nf6 2.c4 c6 3.d4 d5 4.Nc3 dxc4 5.a4 Bf5 6.e3 e6 7.Bxc4 Bb4 8.O-O O-O
9.Nh4 Bg6 10.Nxg6 hxg6 11.Qc2 Nbd7 12.Rd1 Qa5 13.Na2 Bd6 14.e4 e5 15.f4 exd4
16.e5 Nxe5 17.fxe5 Qxe5 18.g3 d3 19.Qxd3 Bc5+ 20.Kg2 Rad8 21.Qe2 Qf5 22.Rf1 Qc8
23.Bg5 b5 24.Bb3 bxa4 25.Bxa4 Rde8 26.Qc4 Ne4 27.Nc3 Nxg5 28.Qxc5 Qh3+ 29.Kh1 Rb8
30.Rf2 Qh5 31.Bd1 Qh6 32.Bg4 f5 33.Raf1 Kh7 34.h4 Ne6 35.Qc4 Rfe8 36.Bf3 c5
37.Bc6 Rb4 38.Qd5 Re7 39.Qd6 f4 40.g4  1-0

[Event "3rd Dato Arthur Tan"]
[Site "Kuala Lumpur MAS"]
[Date "2006.08.23"]
[Round "6"]
[White "Makinano,A"]
[Black "Nay Oo Kyaw Tun"]
[Result "0-1"]
[WhiteElo "2242"]
[BlackElo "2508"]

1.d4 d5 2.Nf3 Nf6 3.c4 c6 4.Nc3 dxc4 5.a4 Bf5 6.e3 e6 7.Bxc4 Bb4 8.O-O Nbd7
9.Qe2 O-O 10.e4 Bg6 11.e5 Nd5 12.Ne4 h6 13.Rd1 a5 14.Bb3 Be7 15.Nfd2 Qb6
16.Qd3 Nb4 17.Qc3 Nd5 18.Qd3 Rfd8 19.Ba2 Nb4 20.Qc3 Nxe5 21.Nf3 Nxf3+ 22.gxf3 Nxa2
23.Rxa2 Rd5 24.Be3 Rad8 25.Rc1 Qc7 26.b3 Bh5 27.Kg2 f5 28.Nc5 Bxc5 29.dxc5 f4
30.Bd2 Rd3 31.Qxa5 Bxf3+ 32.Kf1 Qe5  0-1

[Event "3rd Dato Arthur Tan"]
[Site "Kuala Lumpur MAS"]
[Date "2006.08.23"]
[Round "6"]
[White "Simanjuntak,S"]
[Black "Dotsenko,Vi"]
[Result "1/2-1/2"]
[WhiteElo "2260"]
[BlackElo "2103"]

1.d4 d5 2.Nf3 c6 3.c4 Nf6 4.Nc3 dxc4 5.a4 Bf5 6.Ne5 Nbd7 7.Nxc4 Qc7 8.g3 e5
9.dxe5 Nxe5 10.Bf4 Nfd7 11.Bg2 f6 12.O-O Be6 13.Nxe5 fxe5 14.Bg5 h6 15.Be3 Nf6
16.Qc2 Qf7 17.Ne4 Nd5 18.Bc5 Bf5 19.Rad1 a6 20.Bxf8 Qxf8 21.Nd6+ Qxd6 22.Qxf5 Qf6
23.Qc2 Qf7 24.e4 Nc7 25.Bh3 Ne6 26.Qc4 Nd4 27.Qxf7+ Kxf7 28.f4 Ke7 29.fxe5 Rad8
30.Bf5 Nf3+ 31.Kf2 Nxe5 32.Ke3 Rhf8 33.Ke2 a5 34.Rc1 Nd3 35.Rc3 Nb4 36.Rc5 Nd3
37.Rxa5 g6 38.Bxg6 Rxf1 39.Kxf1 Nxb2 40.Ra7 Rb8 41.a5 Kf6 42.Bf5 Nd3 43.a6 Nc5
44.axb7 Rxb7 45.Ra8 Ke5 46.Re8+ Kd4 47.e5 Ne4 48.Bxe4 Kxe4 49.Rc8 Kd5 50.Rh8 Kxe5
51.Rxh6 c5 52.Rc6 Kd5 53.Rc8 Rb2 54.h4 c4 55.h5 Rh2 56.g4  1/2-1/2

[Event "3rd Dato Arthur Tan"]
[Site "Kuala Lumpur MAS"]
[Date "2006.08.26"]
[Round "10"]
[White "Makinano,A"]
[Black "Le Kieu Thien Kim"]
[Result "1-0"]
[WhiteElo "2242"]
[BlackElo "2329"]

1.d4 d5 2.c4 c6 3.Nf3 Nf6 4.Nc3 dxc4 5.a4 Bf5 6.Ne5 e6 7.Nxc4 Bb4 8.e3 O-O
9.Be2 Nbd7 10.O-O Qe7 11.Qb3 a5 12.Na2 Rfd8 13.Nxb4 Qxb4 14.Qxb4 axb4 15.Bd2 Bc2
16.a5 b3 17.Na3 Nc5 18.Rfc1 Nfe4 19.Be1 Nd3 20.Rxc2 Nxe1 21.Rcc1 Nc2 22.Nxc2 bxc2
23.Rxc2 Nd6 24.b4 f6 25.a6 Nb5 26.Ra5 b6 27.Ra1 Na7 28.Bf3 Rac8 29.Rac1 Rd6
30.b5 Nxb5 31.Bxc6 Na7 32.Bb7 Rxc2 33.Rxc2 b5 34.Kf1 Kf8 35.Ke2 Ke7 36.Kd3 Rd7
37.Rc5 e5 38.Kc3 exd4+ 39.exd4 g6 40.Bd5 Kd6 41.Kb4 Re7 42.Rc1 Re2 43.Ka5  1-0

[Event "TCh-Serbia"]
[Site "Zlatibor SCG"]
[Date "2006.08.28"]
[Round "3"]
[White "Jovanovic,Zo1 SCG"]
[Black "Nadj Hedjesi,B"]
[Result "0-1"]
[WhiteElo "2281"]
[BlackElo "2311"]

1.d4 d5 2.c4 c6 3.Nf3 Nf6 4.Nc3 dxc4 5.a4 Bf5 6.e3 e6 7.Bxc4 Bb4 8.O-O Nbd7
9.Qe2 Bg4 10.h3 Bxf3 11.Qxf3 O-O 12.Rd1 Rc8 13.e4 e5 14.d5 Qa5 15.dxc6 bxc6
16.Bg5 Rc7 17.Ne2 h6 18.Bxf6 Nxf6 19.Ng3 Nh7 20.Nf5 Kh8 21.h4 h5 22.Ne3 g6
23.Be2 Qc5 24.Rac1 Qe7 25.Rc4 Ba5 26.g3 Rb8 27.Rdc1 Qf6 28.R4c2 Kg7 29.Nc4 Bb6
30.Nxb6 Rxb6 31.Kg2 Qe6 32.Bc4 Qe7 33.a5 Rb4 34.Bd5 c5 35.Qc3 Rd4 36.Qa3 Nf6
37.Rxc5 Rd7 38.Bc6 R7d6 39.R5c4 Rd2 40.R4c2 Qd8 41.b4 Ng4 42.Qf3 Rf6 43.Bd5 Rxc2
44.Rxc2 Rxf3 45.Kxf3 Nf6 46.Rd2 Qd6  0-1

[Event "TCh-Serbia"]
[Site "Zlatibor SCG"]
[Date "2006.08.30"]
[Round "5"]
[White "Popov,Si1"]
[Black "Solak,D"]
[Result "1/2-1/2"]
[WhiteElo "2478"]
[BlackElo "2564"]

1.d4 d5 2.c4 c6 3.Nc3 Nf6 4.Nf3 dxc4 5.a4 Bf5 6.e3 e6 7.Bxc4 Bb4 8.Ne5 Nbd7
9.Nxd7 Qxd7 10.f3 Rd8 11.O-O Bg6 12.Qb3 Ba5 13.Rd1 Nd5 14.e4 Nxc3 15.bxc3 O-O
16.Bg5 Rb8  1/2-1/2

[Event "TCh-Serbia"]
[Site "Zlatibor SCG"]
[Date "2006.08.31"]
[Round "6"]
[White "Antic,De"]
[Black "Tadic,B"]
[Result "0-1"]
[WhiteElo "2447"]
[BlackElo "2487"]

1.d4 d5 2.c4 c6 3.Nf3 Nf6 4.Nc3 dxc4 5.a4 Bf5 6.Ne5 Nbd7 7.Nxc4 Qc7 8.g3 Rd8
9.Bf4 Qc8 10.Bg2 Nc5 11.Be5 Be6 12.Nd2 Ng4 13.Bf4 Rxd4 14.h3 Bb3 15.Qb1 e5
16.Bg5 Nf6 17.Be3 Rb4 18.a5 Be6 19.Na2 Rb5 20.Nc3 Rb4 21.Na2 Ra4 22.Nc3 Rxa1
23.Qxa1 Nd5 24.Bxc5 Bxc5 25.Nde4 Be7 26.O-O Bxh3 27.Nxd5 Bxg2 28.Ndf6+ gxf6
29.Kxg2 f5 30.Nc3 h5 31.f4 e4 32.Qa4 Rg8 33.Rh1 h4 34.Rh3 Qe6 35.Qd4 Qd6
36.Qxd6 Bxd6 37.Rxh4 Ke7 38.Kf2 Bb4 39.a6 bxa6 40.Rh5 Ke6 41.Rh6+ Rg6 42.Rh8 Bxc3
43.bxc3 Kd5 44.Rh5 Rf6 45.g4 a5 46.Ke3 a4 47.Kd2 a3 48.Kc2 Kc4 49.gxf5 c5
50.Kb1 Kxc3 51.Rh3+ Kd2 52.Rxa3 Kxe2  0-1

[Event "3rd Open"]
[Site "Kalamaria GRE"]
[Date "2006.09.01"]
[Round "3"]
[White "Grigorov,G"]
[Black "Tsikrikonis,P"]
[Result "1-0"]
[WhiteElo "2425"]
[BlackElo "2059"]

1.d4 d5 2.Nf3 Nf6 3.c4 c6 4.Nc3 dxc4 5.a4 Bf5 6.e3 e6 7.Bxc4 Bb4 8.O-O O-O
9.Nh4 Bg4 10.f3 Bh5 11.g4 Nfd7 12.Ng2 Bg6 13.e4 Nb6 14.Bb3 a5 15.Be3 Na6
16.Qe2 Nd7 17.Rad1 Qe7 18.Bf2 f6 19.f4 Bf7 20.e5 Nb6 21.Bc2 Qd8 22.f5 Nc7
23.Nf4 Bxc3 24.bxc3 Nbd5 25.Qf3 fxe5 26.dxe5 Qg5 27.Nh3 Qe7 28.c4 Nb4 29.f6 Be8
30.Bxh7+ Kxh7 31.Ng5+ Kg8 32.fxe7 Rxf3 33.Nxf3 Nbd5 34.cxd5 Nxd5 35.Bc5 b6
36.Ng5  1-0